000 00455nam a22001817a 4500
003 CEME
005 20210628202720.0
008 210203b xxu||||| |||| 00| 0 eng d
020 _a0-02-820830-7
040 _c.
082 _a510 THO
100 _aThompson, Linda L Lowe, Ross E
_961217
245 _aBusiness mathematics
260 _aCOLUMBUS
_bGLENCOE MACAMILLAN
_c1988
300 _aVIII,684P
650 _aMATHEMATICS
_919192
942 _cBK
_2ddc
999 _c570743
_d570743